অন্তরঙ্গ আলোকে আচার্য প্রফুল্লচন্দ্র রায় / (Record no. 27556)

MARC details
000 -LEADER
fixed length control field 00977nam a22002177a 4500
003 - CONTROL NUMBER IDENTIFIER
control field BDDh-ASL
005 - DATE AND TIME OF LATEST TRANSACTION
control field 20231016062615.0
008 - FIXED-LENGTH DATA ELEMENTS--GENERAL INFORMATION
fixed length control field 201031s2019 b ||||| |||| 00| 0 b d
040 ## - CATALOGING SOURCE
Original cataloging agency BDDh-ASL
Transcribing agency BDDh-ASL
041 ## - LANGUAGE CODE
Language code of text/sound track or separate title ben
082 ## - DEWEY DECIMAL CLASSIFICATION NUMBER
Classification number 920.71
Item number SIA
100 1# - MAIN ENTRY--PERSONAL NAME
9 (RLIN) 1695
Personal name সিদ্দিকী, জহুরুল আলম
245 10 - TITLE STATEMENT
Title অন্তরঙ্গ আলোকে আচার্য প্রফুল্লচন্দ্র রায় /
246 ## - VARYING FORM OF TITLE
Title proper/short title Antorongo Alokey Acharyo Profullachandra Ray
260 ## - PUBLICATION, DISTRIBUTION, ETC.
Place of publication, distribution, etc. ঢাকা :
Name of publisher, distributor, etc. জাতীয় সাহিত্য প্রকাশ,
Date of publication, distribution, etc. ২০১৯।
300 ## - PHYSICAL DESCRIPTION
Extent ৪১৬ পৃষ্ঠা, :
Dimensions ২২ সে. মি.
504 ## - BIBLIOGRAPHY, ETC. NOTE
Bibliography, etc. note গ্রন্থপঞ্জি সংযুক্ত ।
600 10 - SUBJECT ADDED ENTRY--PERSONAL NAME
9 (RLIN) 5737
Personal name রায়, আচার্য প্রফুল্লচন্দ্র
650 #0 - SUBJECT ADDED ENTRY--TOPICAL TERM
Topical term or geographic name entry element biographical dictionary - চরিতাভিধান
9 (RLIN) 4665
942 ## - ADDED ENTRY ELEMENTS (KOHA)
Source of classification or shelving scheme Dewey Decimal Classification
Koha item type Books
Holdings
Withdrawn status Lost status Source of classification or shelving scheme Damaged status Not for loan Collection code Home library Current library Shelving location Date acquired Source of acquisition Total Checkouts Full call number Barcode Date last seen Copy number Price effective from Koha item type
    Dewey Decimal Classification     Non-fiction Asiatic Society Library Asiatic Society Library Dhaka Collection 11/04/2021 ASB Collection   920.71 SIA 113678 11/04/2021 C-1 11/04/2021 Books

Powered by Koha